| 000 | 00547nam a22001817a 4500 | ||
|---|---|---|---|
| 999 |
_c190223 _d190223 |
||
| 005 | 20220720163759.0 | ||
| 010 | _aENG-133739 | ||
| 020 |
_a9788177357948 _c125.00 |
||
| 035 | _aEN-117271 | ||
| 037 | _bDBAD/PUB | ||
| 082 | _a483 | ||
| 100 | _aSrinivasan, V. | ||
| 245 |
_aEffective Vocabulary and Word Power Builder in English/ _cV. Srinivasan |
||
| 260 |
_aChennai _bPavai Publications _c2009 |
||
| 270 |
_a142, Jani Jan Khan Road, Royapettah _bChennai _e600014 |
||
| 300 |
_a262p. _c21cm(pbk) |
||
| 942 |
_2ddc _cEN _h483 _mSRI |
||